| 000 | 00428nam a2200169Ia 4500 | ||
|---|---|---|---|
| 008 | 230524s9999 xx 000 0 und d | ||
| 020 | _a9789351434467 | ||
| 082 |
_a342.54029 _bBAS |
||
| 100 |
_aDurga Das Basu _943633 |
||
| 245 | 0 | _aIntroduction to the Constitution of India | |
| 250 | _a22 | ||
| 260 |
_bLexisNexis _c2015 |
||
| 300 | _a"xxix,554p;" | ||
| 500 | _aQuantity Number: 1 | ||
| 650 |
_aLAW _943634 |
||
| 942 | _cBK | ||
| 999 |
_c59300 _d59300 |
||